Statistics for Unscramble Rush - U.S. States

Click here to take the quiz!

General Stats

  • This quiz has been taken 89 times
  • The average score is 10 of 10

Answer Stats

UnscrambleAnswer% Correct
raniClifoaCalifornia
99%
waoIIowa
99%
KnssaaKansas
99%
xTesaTexas
99%
higcaMinMichigan
97%
natMnoaMontana
97%
wNe kYroNew York
97%
klOaohmaOklahoma
97%
oriAanzArizona
96%
sWianhtnogWashington
96%

Score Distribution

Percentile by Number Answered

Percent of People with Each Score

Your Score History

You have not taken this quiz